Civilization : Past and present
The book uses intriguing avenues of historical interpretation and examines all of the major areas of historical study: social, political, economic, religious, cultural, and geographic.
সংরক্ষণ করুন:
| প্রধান লেখক: | |
|---|---|
| বিন্যাস: | গ্রন্থ |
| ভাষা: | Undetermined |
| প্রকাশিত: |
Chicago
Scott, Foresman
1965
|
| বিষয়গুলি: | |
| ট্যাগগুলো: |
ট্যাগ যুক্ত করুন
কোনো ট্যাগ নেই, প্রথমজন হিসাবে ট্যাগ করুন!
|
| Thư viện lưu trữ: | Trung tâm Học liệu Trường Đại học Cần Thơ |
|---|
| LEADER | 00741nam a2200205Ia 4500 | ||
|---|---|---|---|
| 001 | CTU_10161 | ||
| 008 | 210402s9999 xx 000 0 und d | ||
| 082 | |a 909 | ||
| 082 | |b W187/T.1 | ||
| 100 | |a Wallbank, Walter T. | ||
| 245 | 0 | |a Civilization : | |
| 245 | 0 | |b Past and present | |
| 245 | 0 | |c Walter T. Wallbank, Alastair M. Taylor, Nels M. Baikey | |
| 260 | |a Chicago | ||
| 260 | |b Scott, Foresman | ||
| 260 | |c 1965 | ||
| 520 | |a The book uses intriguing avenues of historical interpretation and examines all of the major areas of historical study: social, political, economic, religious, cultural, and geographic. | ||
| 650 | |a World history | ||
| 904 | |i Minh, Qhieu sua | ||
| 980 | |a Trung tâm Học liệu Trường Đại học Cần Thơ | ||